000 00938nam a2200253Ia 4500
003 OSt
005 20221103233923.0
006 a|||||r|||| 00| 0
007 ta
008 220915b |||||||| |||| 00| 0 hin d
020 _a9789350000885 (hbk)
_c2500
024 _a254695
037 _b513, 08/03/2010, Vani Prakashan
_cReference Collections
040 _aARTS
_cARTS
_bhin
041 _2hin
_ahin
082 _aO152,3N11x, N9.1-.3(RR)
100 _aनागार्जुन
245 0 _aनागार्जुन चुनी हुई रचनाएं
246 _aNāgārjun chunī huī rachanāeॅan
260 _aनई दिल्ली
_bवाणी प्रकाशन भारत
_c1999
490 _vभाग - 1
942 _hO152,3N11x, N9.1-.3(RR)
_cREF
_2ddc
999 _c116032
_d116032